| 000 | 01462nam2a22002531 4500 | ||
|---|---|---|---|
| 001 | RU\NLR\INFOCOMM7\1000066870 | ||
| 005 | 20250617000448.0 | ||
| 035 | _a(NLR Aleph) 002300344 | ||
| 090 |
_a4219771 _c4219771 |
||
| 100 | _a20040908d1990 |||y0rusy50 ca | ||
| 101 | 0 | _arus | |
| 102 | _aRU | ||
| 105 | _ay ||||||||| | ||
| 200 | 1 |
_aПроизводство стеновых блоков из ячеистого бетона _fХ.С. Воробьев |
|
| 210 |
_d1990 _aБ. м. |
||
| 461 | 0 |
_1001RU\NLR\INFOCOMM7\1000066869 _12001#$aПромышленность строительных материалов$eАналит. обзор$hСерия 8$iПромышленность автоклавных силикатных материалов и местных вяжущих$fВНИИ НТИ и экономики пром-сти строит. материалов$v1990, Вып.1 _94219762 _cМ. _d1990- _fВНИИ НТИ и экономики пром-сти строит. материалов _hСерия 8 _iПромышленность автоклавных силикатных материалов и местных вяжущих _oАналит. обзор _tПромышленность строительных материалов _v1990, Вып.1 |
|
| 700 | 1 |
_aВоробьёв _bХ.С. _4070 |
|
| 801 | 1 |
_aRU _bInfoComm _c20040908 |
|
| 801 | 0 |
_aRU _bNLR _gPSBO |
|
| 852 |
_aNLR _jП10/6883 |
||
| 942 | _cISSUE | ||
| 980 | _aNB | ||
| 980 | _aRUSPER | ||